The geology of the country around Torquay : (Explanation of sheet 350) /

Sparad:
Bibliografiska uppgifter
Huvudupphovsman: Ussher, W. A. E. (William Augustus Edmond), 1849-1920
Materialtyp: Bok
Språk:English
Publicerad: London : printed for H.M.S.O. by Wyman and Sons Limited, 1903.
Serie:Memoirs of the Geological Survey of Great Britain. England and Wales.
Ämnen:
LEADER 01207nam a22002531a 4500
001 c000159864
003 CARM
005 19960704000000.0
008 881121s1903 enka 000 0 eng d
019 1 |a 12627552  |5 LACONCORD2021 
035 |a (OCoLC)5464263  |5 LACONCORD2021 
040 |a QU  |b eng  |c QU  |d VU 
050 0 0 |a QE262.D45  |b U78 
100 1 |a Ussher, W. A. E.  |q (William Augustus Edmond),  |d 1849-1920. 
245 1 4 |a The geology of the country around Torquay :  |b (Explanation of sheet 350) /  |c by W.A.E. Ussher, pub. by order of the lords commissioners of His Majesty's Treasury. 
260 |a London :  |b printed for H.M.S.O. by Wyman and Sons Limited,  |c 1903. 
300 |a 142p :  |b ill ;  |c 24cm. 
490 1 |a Memoirs of the Geological Survey, England and Wales. 
500 |a List of the principal works on the geology of the district : p.131-134. 
650 0 |a Geology  |z England  |z Devon. 
830 0 |a Memoirs of the Geological Survey of Great Britain.  |p England and Wales. 
852 8 |b CARM  |h A2:AL33E0  |i C05285  |p 0210494  |f BK 
999 f f |i dce5b70c-c57e-5b86-b6cc-9fe166b7d98d  |s 57712330-a759-5135-88aa-5c50ea4beaed 
952 f f |p Can circulate  |a CAVAL  |b CAVAL  |c CAVAL  |d CARM 1 Store  |e C05285  |f A2:AL33E0  |h Other scheme  |i book  |m 0210494